00767nam a22002297a 4500003000500000005001700005008004100022010001100063011001100074035001100085040000900096082001700105245017500122260003900297300002000336650002500356650002600381650001100407650003300418700004400451700004200495CHAP20220329143715.0110315s1994 mx a r 00010 spa d a100652 a101624 a112312 cCHAP04a615.882bQ3003aEl que a buen árbol se arrima :buso popular de plantas medicinales en 6 regiones de Méxicoc/coordinado por Horacio Riojas Rodríguez y Lilián González Chévez aMéxico, D.F. :bPRODUSSEP,c1994 a155 p. :bilus.14aComunidades rurales.14aMedicina tradicional.14aSalud.14aTerapéutica fisiológica.1 aGonzález Chévez, Liliáne, coord.1 aRiojas Rodríguez, Horacioe, coord.